000 00698nam a22002177a 4500
999 _c168247
_d168247
005 20190930153447.0
010 _aB-730459
020 _a9789387164253
_c299.00
035 _aB-730459
037 _bTalking Club
_adpl
082 _aS
245 _aPrankenstein:
_bThe Book of Crazy Mischief /
_cEdited by Ruskin Bond and Jerry Pinto; illustrated by Lavanya Naidu
260 _aNew Delhi
_bTalking Cub
_c2017
270 _a4381/4 Ansari Road, Daryaganj,
_bNew Delhi
_e110002
300 _a145p.
_c21(Hb)
_bill.
650 _aFiction
700 _aPinto, Jerry
700 _aNaidu, Lavanya
942 _2ddc
_cCH
_hS
_mPRA